| Tag |
First Indicator |
Second Indicator |
Subfields |
| LEADER |
00000cam a2200000Ia 4500 |
| 001 |
in00002201728 |
| 005 |
20151104110207.0 |
| 008 |
061027s2006 nikb b 001 0deng d |
| 020 |
|
|
|z 1903688604 ;
|c £14.99
|
| 020 |
|
|
|z 9781903688601 ;
|c £14.99
|
| 035 |
|
|
|a (OCoLC)ocm74491974
|
| 040 |
|
|
|a BXM
|c BXM
|d TXA
|d UtOrBLW
|
| 043 |
|
|
|a e-ie---
|
| 049 |
|
|
|a TXAM
|
| 090 |
|
|
|a JN1468
|b .J64 2006
|
| 100 |
1 |
|
|a Johnston-Liik, E. M.
|
| 245 |
1 |
0 |
|a MPs in Dublin :
|b companion to History of the Irish parliament, 1692-1800 /
|c Edith Mary Johnston-Liik.
|
| 264 |
|
1 |
|a Belfast :
|b Ulster Historical Foundation,
|c [2006]
|
| 264 |
|
4 |
|c ©2006
|
| 300 |
|
|
|a 250 pages :
|b map ;
|c 24 cm.
|
| 336 |
|
|
|a text
|b txt
|2 rdacontent
|
| 337 |
|
|
|a unmediated
|b n
|2 rdamedia
|
| 338 |
|
|
|a volume
|b nc
|2 rdacarrier
|
| 610 |
1 |
0 |
|a Ireland.
|b Parliament
|v Biography.
|
| 650 |
|
0 |
|a Legislators
|z Ireland
|z Dublin.
|
| 610 |
1 |
0 |
|a Ireland.
|b Parliament
|x History.
|
| 651 |
|
0 |
|a Ireland
|x Politics and government
|y 18th century.
|
| 651 |
|
0 |
|a Ireland
|x History
|y 1691-
|
| 948 |
|
|
|a cataloged
|b h
|c 2006/12/8
|d c
|e dmitchel
|f 8:44:34 am
|
| 994 |
|
|
|a C0
|b TXA
|
| 999 |
|
|
|a MARS
|
| 999 |
f |
f |
|s 1abdaf29-a138-3965-9c18-3f284f4d3697
|i 20a5092e-9872-331c-99b3-0457b4cbfe25
|t 0
|
| 952 |
f |
f |
|p normal
|a Texas A&M University
|b College Station
|c Sterling C. Evans Library
|d Evans: Library Stacks
|t 0
|e JN1468 .J64 2006
|h Library of Congress classification
|i unmediated -- volume
|m A14834986992
|
| 998 |
f |
f |
|a JN1468 .J64 2006
|t 0
|l Evans: Library Stacks
|